| 000 | 01198nam0a22003371 4500 | ||
|---|---|---|---|
| 001 | RU\INFOCOMM_322\NLR\5000167136 | ||
| 005 | 20250614080055.0 | ||
| 035 | _a(NLR Aleph) 010592405 | ||
| 090 |
_a10507297 _c10507297 |
||
| 100 | _a20130210d1967 |||y0rusy50 ca | ||
| 101 | 0 | _aeng | |
| 102 | _aRU | ||
| 105 | _ay z|||| | ||
| 200 | 1 |
_aArab authors on the national-liberation struggle of the Rifs _fN. S. Lutskaya _gII International congress of africanists |
|
| 210 |
_aM. _d1967 |
||
| 215 |
_a15 с. _d21 см |
||
| 225 | 1 | _aPapers presented by the USSR delegation | |
| 309 | _aОтпеч. множит. аппаратом | ||
| 320 | _aБиблиогр. в примеч.: с. 13-14 | ||
| 607 |
_aРифская республика _z1921-1926 _2nlr_sh1 |
||
| 620 | _aМосква | ||
| 686 |
_aИ7-545 _2rubbk |
||
| 686 |
_a[Т3(6Мар.)61-451] _2rubbk |
||
| 700 | 1 |
_9z01790 _aLuckaja _bN. S. _f1916- _gNatal'ja Sergeevna |
|
| 712 | 1 | 2 |
_aInternational congress of africanists _bUSSR delegation _d2 _eDakar _f1967 _4570 |
| 790 | 1 |
_9z01700 _aLutskaya _bN. S. _4070 |
|
| 801 | 1 |
_aRU _bInfocomm _c20130210 |
|
| 801 | 0 |
_aRU _bINFOCOMM _gPSBO |
|
| 852 |
_aNLR _jИ87 Д-4/8 |
||
| 942 | _cBOOK | ||
| 980 | _aNB | ||